ALL Mario games - Statistics

General Stats
  • This quiz has been taken 2,818 times
    2,757 since last reset
  • The average score is 41 of 73
Answer Stats
Year System Category Answer % Correct
1985 NES Platformer Super Mario Bros.
100%
1988 NES Platformer Super Mario Bros. 2
85%
1998 N64 Party Mario Party
83%
1988 NES Platformer Super Mario Bros. 3
83%
2014 Wii U Racing Mario Kart 8
81%
1996 N64 3D Platformer Super Mario 64
80%
1992 SNES Racing Super Mario Kart
80%
1999 N64 Party Mario Party 2
78%
2000 N64 Party Mario Party 3
78%
2002 Gamecube Party Mario Party 4
77%
2003 Gamecube Party Mario Party 5
77%
1990 SNES Platformer Super Mario World
77%
2004 Gamecube Party Mario Party 6
76%
2005 Gamecube Party Mario Party 7
76%
2007 Wii Party Mario Party 8
76%
2012 Wii Party Mario Party 9
75%
2007 Wii 3D Platformer Super Mario Galaxy
75%
2015 Wii U Party Mario Party 10
74%
1983 NES/arcade Platformer Mario Bros.
73%
2011 3DS Racing Mario Kart 7
73%
2006 DS Platformer New Super Mario Bros.
72%
2010 Wii 3D Platformer Super Mario Galaxy 2
72%
2017 Switch 3D Platformer Super Mario Odyssey
72%
2002 Gamecube 3D Platformer Super Mario Sunshine
72%
1996 N64 Racing Mario Kart 64
71%
2000 N64 RPG Paper Mario
71%
2008 Wii Racing Mario Kart Wii
70%
1989 Gameboy Platformer Super Mario Land
68%
2015 Wii U Platformer (Creator) Super Mario Maker
68%
2017 Switch Racing Mario Kart 8 Deluxe
67%
2003 Gamecube Racing Mario Kart Double Dash
66%
2013 Wii U 3D Platformer Super Mario 3D World
66%
2019 Switch Platformer (Creator) Super Mario Maker 2
65%
2005 DS Racing Mario Kart DS
63%
2009 Wii Platformer New Super Mario Bros. Wii
62%
2011 3DS 3D Platformer Super Mario 3D Land
62%
2018 Switch Party Super Mario Party
62%
1996 SNES RPG Super Mario RPG
62%
1992 Gameboy Platformer Super Mario Land 2
61%
2012 3DS Platformer New Super Mario Bros. 2
59%
2012 Wii U Platformer New Super Mario Bros. U
58%
2016/17 iOS/Android Auto Platformer Super Mario Run
54%
2019 iOS/Android Racing Mario Kart Tour
53%
2007 DS Party Mario Party DS
49%
2007 Wii RPG Super Paper Mario
49%
2004 Gamecube RPG Paper Mario The Thousand Year Door
45%
2004 DS 3D Platformer Super Mario 64 DS
45%
2009 DS RPG Mario & Luigi Bowser's Inside Story
44%
2019 Switch Platformer New Super Mario Bros. U Deluxe
44%
2016 3DS Platformer (Creator) Super Mario Maker 3DS
44%
2016 Wii U RPG Paper Mario Color Splash
43%
2012 3DS RPG Paper Mario Sticker Star
43%
2001 GBA Racing Mario Kart Super Circuit
42%
2003 GBA RPG Mario & Luigi Superstar Saga
40%
2005 DS RPG Mario & Luigi Partners In Time
39%
2021 Switch 3D Platformer Super Mario 3D World Bowser's Fury
39%
1993 SNES Platformer Super Mario All Stars
39%
2013 3DS RPG Mario & Luigi Dream Team
37%
2020 Switch RPG Paper Mario Origami King
37%
2005 GBA Party Mario Party Advance
34%
2001 GBA Platformer Super Mario Advance
34%
2015 3DS RPG Mario & Luigi Paper Jam
33%
2020 Switch 3D Platformer Super Mario 3D All Stars
33%
2013 3DS Party Mario Party Island Tour
31%
2017 3DS Party Mario Party The Top 100
31%
2001 GBA Platformer Super Mario Advance 2
31%
2003 GBA Platformer Super Mario Advance 4
26%
2016 3DS Party Mario Party Star Rush
23%
1998 GBC Platformer Super Mario Bros. Deluxe
23%
2017 3DS RPG Mario & Luigi Superstar Saga Bowser's Minions
19%
2020 Switch Racing Mario Kart Live: Home Circuit
18%
2019 3DS RPG Mario & Luigi Bowser's Inside Story Bowser Jr.'s Journey
17%
2020 Switch Platformer Super Mario Bros. 35
15%
No matching quizzes found
Score Distribution
Percent of People with Each Score
Percentile by Number Answered
Your Score History
You have not taken this quiz since the last reset